Catalog

Record Details

Catalog Search



Do pelíšku  Cover Image Book Book

Do pelíšku / Petr Horáček

Record details

  • ISBN: 978-80-262-1786-2
  • Physical Description: 14 nečíslovaných stran : barevné ilustrace ; 18 cm
  • Edition: Vydání první
  • Publisher: Praha : Portál, 2021

Content descriptions

General Note:
Obálka a některé strany s výřezy
Kartonové listy, na zadní straně desek pohyblivý obrázek
Přeloženo z angličtiny
Genre: publikace pro děti
leporela

Available copies

  • 1 of 1 copy available at Common Catalog SPOK.

Holds

  • 0 current holds with 1 total copy.
Show Only Available Copies
Location Call Number / Copy Notes Barcode Shelving Location Status Due Date
Jabok Library BL-4.1/H 424480044430 Beletrie Available -

LDR 01827nam a2200541 i 4500
00149793
003CZ-PrJAB
00520211220112519.0
007ta
008211122s2021 xr a a 000 1 cze d
020 . ‡a978-80-262-1786-2 ‡q(vázáno) : ‡cKč 239.00
035 . ‡a(CZ PrSKC)1355550
040 . ‡aKLG001 ‡bcze ‡erda
0411 . ‡acze ‡heng
072 7. ‡a821-93 ‡xLiteratura pro děti a mládež (beletrie) ‡2Konspekt ‡926
080 . ‡a821-93 ‡2MRF
080 . ‡a(0.025.2) ‡2MRF
1001 . ‡aHoráček, Petr, ‡d1967- ‡7xx0151165 ‡4aut
24010. ‡aNight, night. ‡lČesky
24510. ‡aDo pelíšku / ‡cPetr Horáček
250 . ‡aVydání první
264 1. ‡aPraha : ‡bPortál, ‡c2021
300 . ‡a14 nečíslovaných stran : ‡bbarevné ilustrace ; ‡c18 cm
336 . ‡atext ‡btxt ‡2rdacontent
336 . ‡astatický obraz ‡bsti ‡2rdacontent
337 . ‡abez média ‡bn ‡2rdamedia
338 . ‡asvazek ‡bnc ‡2rdacarrier
500 . ‡aObálka a některé strany s výřezy
500 . ‡aKartonové listy, na zadní straně desek pohyblivý obrázek
500 . ‡aPřeloženo z angličtiny
655 7. ‡apublikace pro děti ‡7fd133156 ‡2czenas
655 7. ‡aleporela ‡7fd132727 ‡2czenas
910 . ‡aABG312
995 . ‡aska
901 . ‡a49793 ‡bAUTOGEN ‡c49793 ‡tbiblio

Additional Resources